Statistieken voor Antwerpse gemeenten - Antwerp communes

Klik hier om de quiz te nemen!

Algemene statistieken

  • Deze quiz is 878 keer genomen
    (765 sinds de laatste reset)
  • De gemiddelde score is 42 van 70

Antwoordstatistieken

First letterAntwoord% Correct
AAntwerpen
94%
MMechelen
88%
LLier
80%
TTurnhout
78%
BBoom
77%
BBrasschaat
74%
GGeel
74%
HHerentals
72%
MMol
71%
AAartselaar
69%
ZZoersel
69%
EEssen
67%
RRanst
67%
KKontich
65%
WWijnegem
65%
KKalmthout
64%
MMortsel
64%
OOlen
64%
SSchoten
64%
AArendonk
63%
SSchilde
63%
HHoogstraten
62%
PPuurs
62%
ZZwijndrecht
62%
BBrecht
61%
DDuffel
61%
BBoechout
60%
BBornem
60%
KKasterlee
60%
RRetie
60%
WWillebroek
60%
WWommelgem
60%
BBalen
59%
EEdegem
59%
GGrobbendonk
59%
KKapellen
59%
MMalle
59%
LLint
58%
NNiel
58%
WWesterlo
58%
ZZandhoven
58%
SSchelle
57%
BBeerse
56%
HHeist-op-den-berg
56%
NNijlen
56%
RRumst
56%
LLille
55%
OOud-Turnhout
55%
SSint-Katelijne-Waver
55%
SStabroek
55%
VVorselaar
55%
HHemiksem
54%
VVosselaar
54%
WWuustwezel
54%
BBorsbeek
53%
BBaarle-Hertog
52%
BBerlaar
52%
BBonheiden
52%
HHove
51%
PPutte
51%
HHerenthout
48%
RRavels
48%
DDessel
47%
RRijkevorsel
46%
MMeerhout
45%
LLaakdal
43%
SSint-Amands
42%
HHerselt
41%
MMerksplas
41%
HHulshout
40%

Scoreverdeling

Percentiel versus Aantal Correcte Antwoorden

Procent van Mensen met Elke Score

Uw Scoregeschiedenis

U heeft deze quiz nog niet genomen sinds de laatste reset